[Event "US op 123nd"]
[Site "Grand Rapids"]
[Date "2023.08.03"]
[Round "6"]
[White "Sarkar, Justin"]
[Black "Tran, Minh Binh"]
[Result "1-0"]
[WhiteElo "2288"]
[BlackElo "1830"]
[PlyCount "89"]
[EventDate "2023.07.29"]
[EventType "swiss"]
[EventRounds "9"]
[EventCountry "USA"]
[SourceTitle "CBM 215 Extra"]
[Source "ChessBase"]
[SourceDate "2023.09.30"]
[SourceVersion "1"]
[SourceVersionDate "2023.09.30"]
[SourceQuality "1"]

1. d4 Nf6 2. c4 e6 3. Nc3 Bb4 4. Qc2 d6 5. a3 Bxc3+ 6. Qxc3 0-0 7. Bg5 Nbd7 8. e3 b6 9. Bd3 Bb7 10. Ne2 h6 11. Bh4 c5 12. 0-0 Rc8 13. b4 cxd4 14. exd4 Qc7 15. Rac1 Rfe8 16. f3 Ba6 17. Qb3 e5 18. Qa4 Bb7 19. Bf5 Ra8 20. Nc3 a6 21. Nd5 Bxd5 22. cxd5 Qa7 23. Qc6 Rad8 24. Bxd7 Rxd7 25. dxe5 Rxe5 26. Bxf6 gxf6 27. f4 Re2 28. h3 b5+ 29. Kh2 Rde7 30. Rc3 R7e3 31. Qc8+ Re8 32. Qf5 Qd4 33. Rd3 Qe4 34. Rg3+ Kf8 35. Qxf6 Qxd5 36. Rff3 R8e6 37. Qd8+ Re8 38. Qf6 R8e6 39. Qh8+ Ke7 40. Rc3 Qb7 41. Rc8 Qb6 42. f5 R6e4 43. Rg7 Kf6 44. Rg6+ Kxf5 45. Qf6# 1-0